000 00291nam a22001217a 4500
003 OSt
005 20250703104255.0
008 250703b |||||||| |||| 00| 0 eng d
040 _cDLC
082 _a362.7
_bNAT
245 _aNational Care Reform Strategy for Children in Kenya
942 _2ddc
_cBK
999 _c4119
_d4119